01307nab a22002177a 4500003000400000005001700004008004100021040000700062100002300069245013000092260007300222300001300295500004400308505040400352505009000756650002700846650002800873650002400901700003200925773013200957OSt20251023103406.0190603e xxum|||| |||| 00| 0 spa d cPJ aCarnota, Walter F.13aLa prueba digital hasheada. Algunas especulaciones sobre su implementación judicial /cWalter F. Carnota, Lucas De Venecia. cCiudad Autónoma de Buenos Aires :aThomson Reuters La Ley, b2025. ap. 65-71 aCita Online: TR LALEY AR/DOC/545/2025.  aSumario: I. Introducción.— II. Perspectiva conceptual y antecedentes jurídicos.— III. La relevancia de la cadena de custodia y el rol del hashing. — IV. Aportes doctrinarios y jurisprudenciales.— V. Desarrollo técnico y consideraciones prácticas.— VI. Desafíos y potencialidades de la prueba digital hasheada.— VII. Conclusiones y perspectivas futuras.— VIII. Bibliografía. t¿Te interesa el texto completo? Solicitalo al correo: koha@justierradelfuego.gov.ar  0aCIENCIA Y TECNOLOGÍA 0aINTELIGENCIA ARTIFICIAL 0aDERECHO INFORMATICO aDe Venezia, Lucasecoautora0 02713dCiudad Autónoma de Buenos Aires : Thomson Reuters La Ley, 2015-tRevista Código Civil y Comercial. Nº 2 - Abril 2025